Statistiques concernant Pays par sport national

Cliquez ici pour prendre le quiz!

Statistiques générales

  • Ce quiz a été pris 960 fois
  • Le résultat moyen est 2 sur 13

Statistiques - réponses

Depuis...SportPays% Correct
1972CapoeiraBrésil
76%
1994Lacrosse / Hockey sur glaceCanada
69%
1933CharreriaMexique
23%
1953PatoArgentine
11%
1962RodéoChili
9%
1972KabaddiBangladesh
6%
1976Varzesh-e Pahlavani / Lutte / PoloIran
6%
2000TejoColombie
3%
1973Dandi BiyoNépal
2%
1991VolleyballSri Lanka
2%
2006Destrezas CriollasUruguay
2%
1993CricketBahamas
1%
2009ArnisPhilippines
1%

Distribution des résultats

Percentile par nombre de réponses

% des personnes avec chaque résultat

Votre développement - résultats

Vous n’avez pas pris ce quiz